Pokemon commençant par la lettre Q - Gen 1 à 9 - Statistiques

Statistiques générales
  • Ce quiz a été pris 45 fois
  • Le résultat moyen est 4 sur 5
Statistiques - réponses
Réponse % Correct
Queulorior
86%
Qwilfish
83%
Quartermac
81%
Qulbutoké
75%
Qwilpik
75%
Aucun quiz correspondant
Distribution des résultats
% des personnes avec chaque résultat
Percentile par nombre de réponses
Votre historique - résultats
Vous n’avez pas pris ce quiz